Programmiersprachen durch Hinweise - Statistiken

Allgemein
  • Dieses Quiz wurde 119 mal gespielt
  • Das Durchschnittsergebnis liegt bei 7 aus 10
Antwortstatistiken
Hinweis Programmiersprache % Korrekt
Teil der .NET-Plattform und syntaktisch verwandt mit C. C#
99%
Systemnahe Altmeisterin, die intensiv mit Zeigern arbeitet. C
99%
Objektorientierte Erweiterung einer älteren, prozeduralen Sprache mit Templates. C++
99%
Entstand in den 90er-Jahren bei Sun Microsystems und läuft in einer virtuellen Maschine. Java
99%
Einrückungen sind hier nicht nur Stil, sondern gehören zur Syntax. Python
93%
Entwickelt für Browser, heute auch serverseitig dank einer populären Laufzeitumgebung. Javascript
83%
Eine typisierte Variante einer bekannten Websprache, die zu ebendieser kompiliert. Typescript
52%
Von einem Suchmaschinenriesen entwickelt, setzt auf Goroutinen für Nebenläufigkeit. Go
50%
Aus Cupertino stammend, wird vor allem für iOS- und macOS-Apps genutzt. Swift
47%
Hier ist alles ein Objekt, entstanden unter der Regie von Yukihiro Matsumoto. Ruby
29%
Keine übereinstimmenden Quizze gefunden
Verteilung der Resultate
Anzahl Personen mit jedem Resultat
Perzentil nach korrekt beantworteten Fragen
Ihre Resultats-Entwicklung
Sie haben dieses Quiz noch nicht gespielt